| 000 | 01336cam a2200373 i 4500 | ||
|---|---|---|---|
| 001 | 63336 | ||
| 003 | Mx-PuUPA | ||
| 005 | 20250521132055.0 | ||
| 008 | 150818s2009 sp a gr 000 0 spa d | ||
| 017 | _aM-40-2009 | ||
| 020 | _a9788498412505 | ||
| 040 |
_aMx-PuUPA _bspa _cMx-PuUPA _dMx-PuUPA _erda |
||
| 041 | 1 |
_aspa _hlat |
|
| 100 | 1 |
_aBruno, Giordano _eautor _9779 |
|
| 240 | 1 | 3 |
_aDe umbris idearum. _lEspañol. |
| 245 | 1 | 3 |
_aLa sombras de las ideas = _b(de umbris idearum) /Giordano Bruno ; prólogo de Eduardo Vinatea ; traducción del latín de Jordi Raventós |
| 246 | 3 | 1 | _aDe umbris idearum. |
| 264 | 1 |
_aMadrid : _bEdiciones Siruela, _c2009 |
|
| 300 |
_a191 páginas : _bilustraciones ; _c2009 |
||
| 336 |
_atexto _2rdacontent _btxt |
||
| 337 |
_asin mediao _2rdamedia _bn |
||
| 338 |
_avolumen _2rdacarrier _bnc |
||
| 490 | 0 |
_aBiblioteca de ensayo ; _v65 |
|
| 650 | 7 |
_2armarc _aMnemotecnia _vObras anteriores a 1800 |
|
| 650 | 7 |
_2armarc _aMemoria _vObras anteriores a 1800 |
|
| 650 | 7 |
_2armarc _aCosmovisión |
|
| 650 | 7 |
_2armarc _aFilosofía renacentista |
|
| 700 | 1 |
_aVinatea, Eduardo, _eprologuista _9783 |
|
| 700 | 1 |
_aRaventós, Jordi, _etraductor _9784 |
|
| 765 | 0 |
_aBruno, Giodano, _tDe umbris idearum. |
|
| 942 |
_2ddc _cLI _h153.14 _iB8818 |
||
| 999 |
_c63336 _d63336 |
||